Handbook on the special and preferential tariff scheme of China for the least developed countries. (Record no. 45357)

MARC details
000 -LEADER
fixed length control field 00720nam a2200133 a 4500
008 - FIXED-LENGTH DATA ELEMENTS--GENERAL INFORMATION
fixed length control field 191205s2016 ||||||||||||||||| || u
050 ## - LIBRARY OF CONGRESS CALL NUMBER
Classification number UNCTAD(02)2016/8
110 ## - MAIN ENTRY--CORPORATE NAME
Corporate name or jurisdiction name as entry element United Nations Conference on Trade and Development (UNCTAD)
245 10 - TITLE STATEMENT
Title Handbook on the special and preferential tariff scheme of China for the least developed countries.
Statement of responsibility, etc. United Nations Conference on Trade and Development.
260 ## - PUBLICATION, DISTRIBUTION, ETC.
Place of publication, distribution, etc. New York: Geneva
Name of publisher, distributor, etc. United Nations Conference on Trade and Development (UNCTAD)
Date of publication, distribution, etc. 2016
300 ## - PHYSICAL DESCRIPTION
Extent vii, 209pages.: illustrations.
500 ## - GENERAL NOTE
General note Includes bibliography.
995 ## - RECOMMENDATION 995 [LOCAL, UNIMARC FRANCE]
-- CBU-MAIN LIBRARY (Kitwe)
-- 1
-- AVAILABLE
-- Dec 5, 2019
-- International Publications
Holdings
Withdrawn status Lost status Source of classification or shelving scheme Damaged status Not for loan Home library Current library Shelving location Date acquired Total Checkouts Full call number Barcode Date last seen Price effective from Koha item type
          CBU-MAIN LIBRARY, KITWE. CBU-MAIN LIBRARY, KITWE.   11/30/2022   UNCTAD(02)2016/8 B4162 11/30/2022 11/30/2022 MONOGRAPH